A NATO szerepvállalása a válságkezelő műveletekben - Az iraki misszió

Bibliographic Details
Main Author: Béres Bianka
Other Authors: Nagy Dr Milada
Format: Thesis
Kulcsszavak:NATO
Irak
Válságkezelés
Misszió
Online Access:http://dolgozattar.uni-bge.hu/20628

MARC

LEADER 00000nta a2200000 i 4500
001 dolg20628
005 20200416142442.0
008 190506suuuu hu om 000 hun d
040 |a BGE Dolgozattár Repozitórium  |b hun 
041 |a hu 
100 1 |a Béres Bianka 
245 1 2 |a A NATO szerepvállalása a válságkezelő műveletekben - Az iraki misszió  |c Béres Bianka  |h [elektronikus dokumentum] 
695 |a NATO 
695 |a Irak 
695 |a Válságkezelés 
695 |a Misszió 
700 1 |a Nagy Dr Milada  |e ths 
856 4 0 |u http://dolgozattar.uni-bge.hu/20628/1/SZAKDOLGOZAT_Be%CC%81res%20Bianka.pdf  |z Dokumentum-elérés